| 000 -CABECERA |
| fixed length control field |
01010nam a22002417a 4500 |
| 003 - IDENTIFICADOR DEL NÚMERO DE CONTROL |
| control field |
AR-CdUCM |
| 008 - DATOS DE LONGITUD FIJA--INFORMACIÓN GENERAL |
| fixed length control field |
190329b ||||| |||| 00| 0 spa d |
| 040 ## - FUENTE DE LA CATALOGACIÓN |
| Agencia/entidad que catalogó originalmente la obra |
MUNICIPALIDAD PROVINCIAL DEL CUSCO |
| Entidad que transcribió la catalogación |
BIBLIOTECA MUNICIPAL DEL CUSCO |
| 082 ## - NÚMERO DE LA CLASIFICACIÓN DECIMAL DEWEY |
| No. de Clasificación |
869.44 / |
| Notacion interna |
C8 / 1976 |
| 110 ## - ENTRADA PRINCIPAL--NOMBRE DE ENTIDAD CORPORATIVA |
| Nombre de la institución, jurisdicción como entrada principal |
Universidad Boliviana Tomás Fría |
| 9 (RLIN) |
26820 |
| 245 ## - MENCIÓN DE TÍTULO |
| Título |
Cuentos: |
| Resto del título |
: Un viernes de Miguelito ; En el centro del círculo sueño / |
| Mención de responsabilidad |
Ada Castellanos de Rios; René B. Arrueta S. |
| 260 ## - PUBLICACIÓN, DISTRIBUCIÓN, ETC. |
| Lugar de publicación, distribución, etc. |
Potosí : |
| 300 ## - DESCRIPCIÓN FÍSICA |
| Nº de Páginas Extensión |
28 páginas ; |
| Otros detalles físicos |
ilustraciones; |
| Dimensiones |
18 cm. |
| 505 ## - NOTA DE CONTENIDO CON FORMATO |
| Nota de contenido formateada |
Contenido:<br/>Un viernes de Miguelito (Primer premio) -- En el centro del círculo sueño (segundo premio) |
| 650 ## - PUNTO DE ACCESO ADICIONAL DE MATERIA--TÉRMINO DE MATERIA |
| Descriptor |
Cuentos - Bolivia |
| 9 (RLIN) |
26821 |
| 650 ## - PUNTO DE ACCESO ADICIONAL DE MATERIA--TÉRMINO DE MATERIA |
| Descriptor |
Cuentos premiados |
| 9 (RLIN) |
26822 |
| 650 ## - PUNTO DE ACCESO ADICIONAL DE MATERIA--TÉRMINO DE MATERIA |
| Descriptor |
Cuentos contemporáneos bolivianos |
| 9 (RLIN) |
26823 |
| 700 ## - PUNTO DE ACCESO ADICIONAL--NOMBRE DE PERSONA |
| Nombre Personal |
Castellanos de Rios, Ada |
| 9 (RLIN) |
26824 |
| 700 ## - PUNTO DE ACCESO ADICIONAL--NOMBRE DE PERSONA |
| Nombre Personal |
Arrueta S., René B |
| 9 (RLIN) |
26825 |
| 942 ## - ELEMENTOS DE PUNTO DE ACCESO ADICIONAL (KOHA) |
| Fuente de clasificación |
|
| Tipo de item |
Libros-BMC |
| 945 ## - PROCESAMIENTO DE INFORMACIÓN LOCAL (OCLC) |
| Catalogador |
lccs |